Normal view
MARC view
- Sayling, Wen,
Entry Personal Name
001 - CONTROL NUMBER
- control field: 1617
003 - CONTROL NUMBER IDENTIFIER
- control field: OSt
005 - DATE AND TIME OF LATEST TRANSACTION
- control field: 20170505091839.0
008 - FIXED-LENGTH DATA ELEMENTS
- fixed length control field: 170505|| aca||aabn | a|a d
040 ## - CATALOGING SOURCE
- Original cataloging agency: OSt
- Transcribing agency: OSt
100 ## - HEADING--PERSONAL NAME
- Personal name: Sayling, Wen,
- Dates associated with a name: 1948-
670 ## - SOURCE DATA FOUND
- Source citation: Work cat.: (OSt): Sayling, Wen, 1948-, Success with wealth and joy/, 1999.

PORTAL AKMAL
E-MEL JKDM
AKMAL2U
G-BAM
u-PUSTAKA